000 01237na a2200301 4500
001 18089
003 MIRAKIL
005 20181213155216.0
008 170131b tu 000 0
035 _a18089
040 _aMilas
_btur
_cTR-AnCHP
041 _atur
082 _aCHP 324.2372092
_bC36c 2016
090 _aCHP 324.2372092 C36c 2016
110 _aCumhuriyet Halk Partisi (CHP)
245 _aCHP Genel Başkan Yardımcısı ve Parti Sözcüsü Halk Koç'un 2012-2016 konuşmaları
_c[derleyen] CHP
260 _aAnkara
_bCHP
_c2016
300 _a3 c.
_c24 cm.
440 _aCumhuriyet Halk Partisi yayınları
505 _ac.1: 31 Temmuz-25 Aralık 2012 ve 02 Ocak-11 Eylül 2013 - C.2: 19 Eylül- 26 Aralık 2013 ve 08 Ocak-05 Kasım 2014. - c.3: 12 Kasım - 30 Aralık 2014 - 07 Ocak-30 Aralık 2015 ve 06 Ocak-17 Kasım 2016
600 _aKoç, Haluk
_cCHP parti sözcüsü
_xSiyasal ve sosyal görüşler
_yKonuşmalar
_yBasın açıklamaları
610 _aCHP Parti sözcüleri
_xKonuşmalar
_y2012-2016
650 _aCHP
_xBasın açıklamaları
_y2012-2016
651 _aTürkiye
_xSiyaset ve yönetim
_y2002-
657 _aCHP Parti sözcüsü konuşmaları
830 _aCHP yayınları
942 _2dcc
_cBKS
999 _c8563
_d8563